000 00634nam a2200277Ia 4500
005 20260324131928.0
008 008 260324s9999 xx 000 0 eng d
020 _a9780080478814
037 _aEBOOK
040 _aCRL
040 _beng
040 _cCRL
041 _2eng
041 _aeng
084 _qCRL
100 _aBruce Sherring-Lucas
_91187381
245 0 _aISO 9001: 2000 In Brief
260 _bTaylor and Francis
260 _c2005
365 _a
365 _b62.95
856 _uhttp://www.taylorfrancis.com/books/9780080478814
942 _cEBOOK
999 _c1784970
_d1784970